Colombia y la economía mundial : (Registro nro. 5442)
[ vista simple ]
| 000 -LEADER | |
|---|---|
| fixed length control field | 01055nam a2200253Ia 4500 |
| 003 - CONTROL NUMBER IDENTIFIER | |
| control field | OSt |
| 005 - DATE AND TIME OF LATEST TRANSACTION | |
| control field | 20200910090800.0 |
| 008 - FIXED-LENGTH DATA ELEMENTS--GENERAL INFORMATION | |
| fixed length control field | 191128s1984 ck gr 000 0 spa d |
| 020 ## - INTERNATIONAL STANDARD BOOK NUMBER | |
| International Standard Book Number | 9586060020 |
| 040 ## - CATALOGING SOURCE | |
| Original cataloging agency | CO-JMCR |
| Transcribing agency | CO-JMCR |
| 041 0# - LANGUAGE CODE | |
| Language code of text/sound track or separate title | spa |
| 082 04 - DEWEY DECIMAL CLASSIFICATION NUMBER | |
| Classification number | 382.09861 / |
| Item number | O151c |
| Edition number | 23 |
| 100 1# - MAIN ENTRY--PERSONAL NAME | |
| Personal name | Ocampo, José Antonio, |
| Relator term | autor |
| 9 (RLIN) | 6129 |
| 245 #0 - TITLE STATEMENT | |
| Title | Colombia y la economía mundial : |
| Remainder of title | 1830 - 1910 / |
| Statement of responsibility, etc. | José Antonio Ocampo |
| 250 ## - EDITION STATEMENT | |
| Edition statement | Primera edición |
| 260 ## - PUBLICATION, DISTRIBUTION, ETC. | |
| Place of publication, distribution, etc. | Bogotá : |
| Name of publisher, distributor, etc. | Siglo veintiuno : Fedesarrollo, |
| Date of publication, distribution, etc. | 1984. |
| 300 ## - PHYSICAL DESCRIPTION | |
| Extent | 456 páginas ; |
| Dimensions | 21 cm. |
| 490 0# - SERIES STATEMENT | |
| Series statement | Economía y demografía |
| 505 0# - FORMATTED CONTENTS NOTE | |
| Formatted contents note | Desarrollo exportador y desarrollo capitalista colombiano en el siglo XIX -- El comercio de exportación -- Las importaciones -- La tasa de cambio en una economía preindustrial -- La especulación forestal en gran escala: La quina |
| 650 24 - SUBJECT ADDED ENTRY--TOPICAL TERM | |
| Topical term or geographic name entry element | Exportaciones |
| Chronological subdivision | 1830-1910 |
| Geographic subdivision | Colombia |
| 9 (RLIN) | 10125 |
| 650 24 - SUBJECT ADDED ENTRY--TOPICAL TERM | |
| Topical term or geographic name entry element | Integración económica |
| Chronological subdivision | 1830-1910 |
| Geographic subdivision | Colombia |
| 9 (RLIN) | 10126 |
| 650 24 - SUBJECT ADDED ENTRY--TOPICAL TERM | |
| Topical term or geographic name entry element | Comercio exterior |
| Chronological subdivision | 1830-1910 |
| Geographic subdivision | Colombia |
| 9 (RLIN) | 10127 |
| 942 ## - ADDED ENTRY ELEMENTS (KOHA) | |
| Source of classification or shelving scheme | Dewey Decimal Classification |
| Koha item type | Books |
| Withdrawn status | Lost status | Source of classification or shelving scheme | Materials specified (bound volume or other part) | Damaged status | Not for loan | Home library | Current library | Shelving location | Date acquired | Source of acquisition | Full call number | Barcode | Date last seen | Copy number | Price effective from | Koha item type | Public note | Total Checkouts |
|---|---|---|---|---|---|---|---|---|---|---|---|---|---|---|---|---|---|---|
| Dewey Decimal Classification | Donación--15/04/2018-- | Biblioteca Pública José María del Castillo y Rada | Biblioteca Pública José María del Castillo y Rada | General Stacks | 11/28/2019 | Donación | 382.09861 / O151c | 430001924 | 05/16/2024 | Ej.1 | 11/28/2019 | Books | Exlibris: algunas páginas rayadas | |||||
| Dewey Decimal Classification | Donación--15/04/2018-- | Biblioteca Pública José María del Castillo y Rada | Biblioteca Pública José María del Castillo y Rada | General Stacks | 11/28/2019 | Donación | 382.09861 / O151c | 430001925 | 05/16/2024 | Ej.2 | 11/28/2019 | Books | Exlibris: algunas páginas rayadas |